[Event "Lichtenrader Herbst 2016"]
[Site "Berlin-Lichtenrade"]
[Date "2016.10.24"]
[Round "3.23"]
[White "Noeldner, Julian"]
[Black "Terhorst, Jochen"]
[Result "1/2-1/2"]
[WhiteElo "1768"]
[BlackElo "2184"]
[PlyCount "91"]
[EventDate "2016.??.??"]
[WhiteTeam "SF Nordost Berlin"]
[BlackTeam "SC Wittlich 1947"]

1. e4 d6 2. d4 Nf6 3. Nc3 e5 4. dxe5 dxe5 5. Qxd8+ Kxd8 6. Bg5 Be6 7. O-O-O+
Nbd7 8. Nf3 Bd6 9. Bb5 Kc8 10. Nd2 Bb4 11. Bxf6 Nxf6 12. a3 Bxc3 13. bxc3 c6
14. Ba4 Kc7 15. f3 Rad8 16. Bb3 Rhe8 17. Nc4 Bxc4 18. Bxc4 Rxd1+ 19. Rxd1 Re7
20. g4 Nd7 21. Kd2 f6 22. Ke3 Nc5 23. Bb3 a5 24. h4 a4 25. Bc4 b5 26. Ba2 Ne6
27. Rd2 Nf4 28. c4 Rd7 29. cxb5 cxb5 30. Rxd7+ Kxd7 31. h5 Kd6 32. Bg8 Kc5 33.
c3 h6 34. Bf7 Ng2+ 35. Kf2 Nf4 36. Ke3 Ng2+ 37. Kf2 Nf4 38. Ke3 Nh3 39. Ba2 Ng5
40. Bg8 Kc6 41. Ke2 Kd6 42. Ke3 Kc5 43. Ke2 Nh3 44. Bf7 Nf4+ 45. Ke3 Kb6 46.
Kd2 1/2-1/2

[Event "Lichtenrader Herbst 2016"]
[Site "Berlin-Lichtenrade"]
[Date "2016.10.24"]
[Round "3.24"]
[White "Heerde, Thomas"]
[Black "Weigel, Stefan"]
[Result "1-0"]
[WhiteElo "2044"]
[BlackElo "1854"]
[PlyCount "95"]
[EventDate "2016.??.??"]
[WhiteTeam "SC Weisse Dame (Berlin)"]
[BlackTeam "SSV Rotation Berlin e.V."]

1. e4 e5 2. Nf3 d6 3. g3 Nf6 4. Qe2 Be7 5. Bg2 Nc6 6. c3 Bg4 7. d3 O-O 8. Nbd2
Re8 9. h3 Bxf3 10. Nxf3 d5 11. O-O dxe4 12. dxe4 h6 13. Nh4 Bc5 14. Nf5 Ne7 15.
Be3 Bxe3 16. Nxe3 c6 17. Rfd1 Qc7 18. Rd2 Rad8 19. Rad1 Ng6 20. Nf5 Rd7 21.
Rxd7 Nxd7 22. h4 Nf6 23. Qd3 Ne7 24. Ne3 Nc8 25. b3 Nb6 26. Bh3 g6 27. f3 Kg7
28. Kf2 Qe7 29. c4 Nbd7 30. Qd6 Qxd6 31. Rxd6 Re7 32. h5 Nc5 33. Rd8 Nxh5 34.
b4 Ne6 35. Bxe6 fxe6 36. Ng4 Nf6 37. Nxe5 h5 38. Ke3 g5 39. a4 Kh6 40. a5 Kg7
41. a6 bxa6 42. Nxc6 Rc7 43. Ne5 Rb7 44. c5 Ng8 45. c6 Rxb4 46. Rxg8+ Kxg8 47.
c7 Rb3+ 48. Kd2 1-0

[Event "Lichtenrader Herbst 2016"]
[Site "Berlin-Lichtenrade"]
[Date "2016.10.24"]
[Round "3.25"]
[White "Bergmann, Jens"]
[Black "Gelemerov, Yane"]
[Result "0-1"]
[WhiteElo "1888"]
[BlackElo "2026"]
[PlyCount "88"]
[EventDate "2016.??.??"]
[WhiteTeam "SK Tempelhof 1931"]
[BlackTeam "Krakra Pernishki"]

1. e4 e5 2. Nf3 Nc6 3. Bc4 Bc5 4. O-O d6 5. c3 Qe7 6. b4 Bb6 7. a4 a6 8. Qb3
Nf6 9. d3 O-O 10. Bg5 h6 11. Bh4 g5 12. Nxg5 hxg5 13. Bxg5 Be6 14. Na3 Bxc4 15.
Nxc4 Qe6 16. Qd1 Nh7 17. Nxb6 cxb6 18. Be3 b5 19. f4 exf4 20. Rxf4 Ne5 21. Rh4
f5 22. axb5 fxe4 23. Rxe4 d5 24. Rf4 axb5 25. Rxf8+ Rxf8 26. Bc5 Re8 27. Qf1
Qg6 28. Ra7 Nf6 29. Rxb7 Nxd3 30. Re7 Nxc5 31. Rxe8+ Qxe8 32. bxc5 Qc6 33. h4
Qxc5+ 34. Kh2 Qxc3 35. Qf5 Qd4 36. Qg6+ Kf8 37. Qg5 Kf7 38. h5 Qg4 39. Qc1
Qxh5+ 40. Kg1 Qe2 41. Qc7+ Kg6 42. Qg3+ Kf5 43. Qh3+ Kg5 44. Qg3+ Ng4 0-1

[Event "Lichtenrader Herbst 2016"]
[Site "Berlin-Lichtenrade"]
[Date "2016.10.24"]
[Round "3.26"]
[White "Mayer, Herbert"]
[Black "Zschaebitz, Klaus"]
[Result "0-1"]
[WhiteElo "1895"]
[BlackElo "2063"]
[PlyCount "86"]
[EventDate "2016.??.??"]
[WhiteTeam "SC Rochade (Berlin)"]
[BlackTeam "BSG 1827 Eckbauer e.V."]

1. f4 c5 2. b3 Nf6 3. e3 g6 4. Bb2 Bg7 5. Nf3 O-O 6. Be2 Nc6 7. O-O d6 8. Nc3
e5 9. fxe5 dxe5 10. e4 Bg4 11. h3 Bxf3 12. Bxf3 Nd4 13. d3 b5 14. Ne2 Rc8 15.
a4 a6 16. axb5 axb5 17. c3 Nxf3+ 18. Rxf3 c4 19. Ng3 Qb6+ 20. Kh2 Rfd8 21. Qc2
cxd3 22. Rxd3 h5 23. Re1 h4 24. Rxd8+ Rxd8 25. Nf1 Nh5 26. Bc1 Rd6 27. Be3 Qd8
28. Nd2 Ng3 29. Nf3 Bf6 30. c4 Rd3 31. Bf2 b4 32. Bc5 Rc3 33. Qa2 Qb8 34. Qa4
Qb7 35. Bxb4 Re3 36. Qe8+ Kh7 37. Bd2 Rxe4 38. Rb1 Re2 39. c5 Qd5 40. c6 e4 41.
c7 exf3 42. Qxe2 Nxe2 43. c8=Q Be5+ 0-1

[Event "Lichtenrader Herbst 2016"]
[Site "Berlin-Lichtenrade"]
[Date "2016.10.24"]
[Round "3.27"]
[White "Huels, Marco"]
[Black "Gelman, Josef"]
[Result "1-0"]
[WhiteElo "1969"]
[BlackElo "1810"]
[PlyCount "115"]
[EventDate "2016.??.??"]
[WhiteTeam "SV Mattnetz Berlin"]
[BlackTeam "SC Weisse Dame e.V."]

1. e4 e6 2. d4 d5 3. Bd3 dxe4 4. Bxe4 Nf6 5. Bf3 c5 6. Ne2 Nc6 7. Be3 Qb6 8.
Nbc3 cxd4 9. Nxd4 Nxd4 10. Qxd4 Qxd4 11. Bxd4 Bb4 12. O-O-O Bxc3 13. Bxc3 O-O
14. Rd2 Nd5 15. Bxd5 exd5 16. Rxd5 Be6 17. Rd6 Rfc8 18. a3 Rd8 19. Rhd1 Rxd6
20. Rxd6 Kf8 21. Kd2 Ke7 22. Rd4 f6 23. Bb4+ Ke8 24. c4 Rd8 25. Kc3 Rxd4 26.
Kxd4 Kd7 27. Bf8 g6 28. b4 Bf5 29. f3 Bc2 30. h4 h5 31. Bh6 Bd1 32. Be3 Be2 33.
Kd5 Bf1 34. Bxa7 Bxg2 35. Ke4 g5 36. Bf2 Ke6 37. Ke3 Bf1 38. Kd4 Be2 39. f4
gxf4 40. a4 Kd6 41. a5 Bf3 42. Bg1 Kd7 43. Bh2 Kc6 44. Bxf4 b5 45. axb6 Kxb6
46. Bd6 Be2 47. Bc5+ Kb7 48. b5 f5 49. Kc3 Bf3 50. Be3 Be2 51. Kb4 Kc7 52. c5
Bf3 53. Bf4+ Kb7 54. c6+ Kb6 55. Be3+ Kc7 56. Kc5 Kb8 57. b6 Bh1 58. Bf4+ 1-0

[Event "Lichtenrader Herbst 2016"]
[Site "Berlin-Lichtenrade"]
[Date "2016.10.24"]
[Round "3.28"]
[White "Baranowsky, Peter"]
[Black "Bolk, Matthias"]
[Result "0-1"]
[WhiteElo "1929"]
[BlackElo "2078"]
[PlyCount "94"]
[EventDate "2016.??.??"]
[WhiteTeam "SF 1903 Berlin"]
[BlackTeam "SC Kreuzberg e.V."]

1. e4 c5 2. Nf3 d6 3. d4 cxd4 4. Nxd4 Nf6 5. Nc3 g6 6. Be3 Bg7 7. f3 Nc6 8. Qd2
Bd7 9. O-O-O Rc8 10. Kb1 a6 11. Be2 b5 12. h3 O-O 13. g4 b4 14. Nxc6 Bxc6 15.
Nd5 Bxd5 16. exd5 a5 17. h4 Qc7 18. Ba6 Rb8 19. Bh6 Qc3 20. Bxg7 Qxd2 21. Rxd2
Kxg7 22. Re1 Rfe8 23. Kc1 Kf8 24. a4 bxa3 25. bxa3 Rb6 26. Bc4 Rc8 27. Ba2 Rc5
28. c4 Nd7 29. f4 Rb7 30. Rb2 Rxb2 31. Kxb2 Nb6 32. Rc1 Kg7 33. Rc2 Kf6 34. Kc1
h5 35. gxh5 gxh5 36. Kd2 Kf5 37. Ke3 Kg4 38. Rg2+ Kf5 39. Rc2 Rc8 40. Bb1 Kf6
41. Ba2 Nxd5+ 42. Ke4 Nb6 43. Kd4 Nd7 44. Rg2 Rb8 45. Rg1 Nc5 46. Bb1 Rb3 47.
a4 Rf3 0-1

[Event "Lichtenrader Herbst 2016"]
[Site "Berlin-Lichtenrade"]
[Date "2016.10.24"]
[Round "3.30"]
[White "Strowig, Justin"]
[Black "Schnabel, Bennett"]
[Result "0-1"]
[WhiteElo "1842"]
[BlackElo "1948"]
[PlyCount "52"]
[EventDate "2016.??.??"]
[WhiteTeam "SV Mattnetz Berlin e.V."]
[BlackTeam "SV Mattnetz Berlin"]

1. e4 c5 2. c3 d5 3. exd5 Nf6 4. d4 Nxd5 5. Nf3 cxd4 6. Bc4 e6 7. cxd4 Nd7 8.
O-O Be7 9. Nc3 N7f6 10. Bg5 O-O 11. Rc1 b6 12. Bd3 Bb7 13. Re1 Rc8 14. Nxd5
Bxd5 15. Rxc8 Qxc8 16. Ne5 Qb7 17. Re3 g6 18. Ng4 Nxg4 19. Qxg4 Bxg5 20. Qxg5
Bxa2 21. h4 Qd5 22. Qf6 Rd8 23. h5 Qxd4 24. Re5 Qxd3 25. h6 Kf8 26. Re3 Qd1+
0-1

[Event "Lichtenrader Herbst 2016"]
[Site "Berlin-Lichtenrade"]
[Date "2016.10.24"]
[Round "3.71"]
[White "Gabuzyan, Hovhannes"]
[Black "Mackowiak, Marek"]
[Result "1-0"]
[WhiteElo "2592"]
[BlackElo "2165"]
[PlyCount "87"]
[EventDate "2016.??.??"]
[BlackTeam "Cross Warszawa"]

1. Nf3 g6 2. e4 Bg7 3. d4 d6 4. Nc3 Nf6 5. h3 c6 6. Bd3 O-O 7. O-O b5 8. e5
dxe5 9. dxe5 Nd5 10. Nxd5 Qxd5 11. Qe2 Qd8 12. a4 b4 13. Bc4 a5 14. Bg5 Ba6 15.
Rad1 Qc7 16. Bxa6 Nxa6 17. e6 Nc5 18. exf7+ Rxf7 19. b3 Bf6 20. Rfe1 Nd7 21.
Nd4 Nf8 22. Bh6 Rd8 23. Qc4 c5 24. Nf3 Rc8 25. Ng5 Bxg5 26. Bxg5 e6 27. Bh6 Kh8
28. c3 Re8 29. cxb4 axb4 30. Ra1 e5 31. f4 Rfe7 32. Bg5 Re6 33. Rxe5 Qg7 34.
Rae1 Rxe5 35. fxe5 Rxe5 36. Rxe5 Qxe5 37. Qf7 Nd7 38. Bh6 Qe1+ 39. Kh2 Qe5+ 40.
Bf4 Qd4 41. Qe8+ Kg7 42. Qe7+ Kg8 43. Qe6+ Kg7 44. Bd6 1-0

[Event "Lichtenrader Herbst 2016"]
[Site "Berlin-Lichtenrade"]
[Date "2016.10.24"]
[Round "3.75"]
[White "Zarow, Zdzislaw"]
[Black "Federau, Juergen"]
[Result "0-1"]
[WhiteElo "1818"]
[BlackElo "2118"]
[PlyCount "128"]
[EventDate "2016.??.??"]
[WhiteTeam "Cross Warszawa"]
[BlackTeam "SC Kreuzberg"]

1. e4 c5 2. Bc4 e6 3. Nc3 a6 4. a4 Nc6 5. Nf3 Nf6 6. d3 d5 7. Ba2 dxe4 8. dxe4
Qxd1+ 9. Kxd1 Nd4 10. Ne5 Nd7 11. Nd3 b6 12. f3 Bb7 13. Be3 Rd8 14. Ne2 Nc6 15.
Ke1 Be7 16. Kf2 O-O 17. Rhd1 Kh8 18. c3 Nde5 19. Ndf4 g5 20. Nh5 Nd3+ 21. Kf1
Nce5 22. Rd2 a5 23. b3 Ba6 24. c4 Nb4 25. Bb1 Nec6 26. Ke1 h6 27. h4 f6 28.
hxg5 hxg5 29. g4 Ne5 30. Kf2 Kg8 31. Nc1 Kf7 32. Ke2 Nec6 33. Nd3 Nd4+ 34. Bxd4
cxd4 35. Bc2 Nxd3 36. Bxd3 Bd6 37. Rad1 Bb4 38. Rc2 Bc8 39. Rh1 Rh8 40. Rcc1
Bd6 41. Kf2 Bd7 42. Ng3 Rc8 43. Ne2 Kg7 44. Kg2 Bc5 45. Rcd1 Rxh1 46. Rxh1 Rh8
47. Rxh8 Kxh8 48. Kh3 Kg7 49. Kg2 Kf7 50. Kh3 Ke7 51. Kg2 Kd6 52. Bc2 Ke5 53.
Kg3 Bb4 54. Nc1 d3 55. Nxd3+ Kd4 56. Nxb4 axb4 57. Kf2 Kc3 58. Bd1 Kd2 59. Be2
Bxa4 60. f4 gxf4 61. e5 fxe5 62. g5 Be8 63. Bg4 e4 64. Bxe6 e3+ 0-1

[Event "Lichtenrader Herbst 2016"]
[Site "Berlin-Lichtenrade"]
[Date "2016.10.25"]
[Round "4.1"]
[White "Karpatchev, Aleksandr"]
[Black "Gabuzyan, Hovhannes"]
[Result "1-0"]
[WhiteElo "2463"]
[BlackElo "2592"]
[PlyCount "69"]
[EventDate "2016.??.??"]
[WhiteTeam "SF Bad Mergentheim"]

1. e4 d6 2. d4 Nf6 3. Nc3 Nbd7 4. Nf3 e5 5. Bc4 Be7 6. a4 O-O 7. O-O c6 8. Re1
Qc7 9. Ba2 b6 10. h3 a6 11. Be3 Bb7 12. Nh4 Rfe8 13. Nf5 Bf8 14. Qf3 g6 15.
dxe5 Nxe5 16. Qg3 b5 17. Qh4 gxf5 18. Qxf6 b4 19. Qg5+ Kh8 20. f4 bxc3 21. fxe5
cxb2 22. Rad1 Rxe5 23. Bd4 Bg7 24. Bxb2 f6 25. Qh4 Rxe4 26. Rxe4 fxe4 27. Be6
f5 28. Bxg7+ Qxg7 29. Rxd6 Qa1+ 30. Kh2 Qe5+ 31. g3 f4 32. gxf4 Qc3 33. Rd8+
Rxd8 34. Qxd8+ Kg7 35. Qg8+ 1-0

[Event "Lichtenrader Herbst 2016"]
[Site "Berlin-Lichtenrade"]
[Date "2016.10.25"]
[Round "4.2"]
[White "Chatalbashev, Boris"]
[Black "Bruedigam, Martin"]
[Result "1-0"]
[WhiteElo "2534"]
[BlackElo "2408"]
[PlyCount "69"]
[EventDate "2016.??.??"]
[WhiteTeam "SV Würselen"]
[BlackTeam "SK König Tegel"]

1. c4 e5 2. g3 Nf6 3. Bg2 h6 4. Nc3 Bb4 5. e4 Bxc3 6. bxc3 d6 7. Ne2 Be6 8. d3
a6 9. a4 Nbd7 10. O-O Qb8 11. h3 h5 12. f4 Qa7+ 13. Kh1 Bg4 14. d4 Bxe2 15.
Qxe2 c5 16. Rb1 Qb8 17. fxe5 dxe5 18. Bg5 Qc7 19. Rf5 Nh7 20. Qxh5 g6 21. Qh6
gxf5 22. exf5 e4 23. Bh4 f6 24. Qg6+ Kf8 25. Qh6+ Kf7 26. Bxe4 Rag8 27. Bd5+
Ke8 28. Bxg8 Rxg8 29. Qxh7 Kf8 30. Re1 Rg7 31. Qh8+ Rg8 32. Qh6+ Rg7 33. d5 Kg8
34. Re8+ Nf8 35. Bxf6 1-0

[Event "Lichtenrader Herbst 2016"]
[Site "Berlin-Lichtenrade"]
[Date "2016.10.25"]
[Round "4.4"]
[White "Kovalev, Andrei"]
[Black "Asenov, Pavel"]
[Result "1/2-1/2"]
[WhiteElo "2506"]
[BlackElo "2207"]
[PlyCount "44"]
[EventDate "2016.??.??"]
[BlackTeam "Witny"]

1. e4 e5 2. Nf3 Nc6 3. Bb5 a6 4. Ba4 Nf6 5. O-O Be7 6. d3 b5 7. Bb3 d6 8. a4
Bd7 9. c3 O-O 10. Re1 Na5 11. Bc2 c5 12. Nbd2 Re8 13. Nf1 h6 14. Ng3 Bf8 15. d4
cxd4 16. cxd4 Qc7 17. h3 Rec8 18. Re2 Rab8 19. Be3 Nc4 20. Bc1 Na5 21. Be3 Nc4
22. Bc1 Na5 1/2-1/2

[Event "Lichtenrader Herbst 2016"]
[Site "Berlin-Lichtenrade"]
[Date "2016.10.25"]
[Round "4.5"]
[White "Gruzmann, Boris"]
[Black "Teske, Henrik"]
[Result "0-1"]
[WhiteElo "2253"]
[BlackElo "2482"]
[PlyCount "62"]
[EventDate "2016.??.??"]
[WhiteTeam "Lübecker SV"]
[BlackTeam "SV Empor Erfurt"]

1. e4 e5 2. Nf3 d6 3. d4 exd4 4. Nxd4 Nf6 5. Nc3 Be7 6. Be2 O-O 7. O-O Re8 8.
f4 Bf8 9. Bf3 Nbd7 10. b3 Nc5 11. Re1 c6 12. a4 d5 13. e5 Nfe4 14. Bb2 f5 15.
exf6 Nxf6 16. Rxe8 Qxe8 17. Qe2 Qf7 18. Rf1 Bd7 19. f5 Re8 20. Qd1 Bd6 21. g3
Qe7 22. Bc1 h6 23. Nce2 Nce4 24. Nf4 Bc5 25. Kg2 Bxd4 26. Qxd4 Bxf5 27. Qxa7
Ng5 28. Qd4 Nxf3 29. Kxf3 g5 30. Kf2 gxf4 31. Kg1 Bh3 0-1

[Event "Lichtenrader Herbst 2016"]
[Site "Berlin-Lichtenrade"]
[Date "2016.10.25"]
[Round "4.6"]
[White "Glantz, Robert"]
[Black "Hincu, Olga"]
[Result "1/2-1/2"]
[WhiteElo "2340"]
[BlackElo "2122"]
[PlyCount "151"]
[EventDate "2016.??.??"]
[WhiteTeam "SC Kreuzberg e.V."]

1. e4 e6 2. d4 d5 3. Nd2 Nf6 4. e5 Nfd7 5. Bd3 c5 6. c3 Nc6 7. Ne2 cxd4 8. cxd4
f6 9. exf6 Nxf6 10. O-O Bd6 11. Nf3 Qc7 12. h3 O-O 13. Be3 Bd7 14. Re1 Rae8 15.
Rc1 Qb8 16. a3 Ne7 17. Qd2 Nh5 18. Ne5 Bxe5 19. dxe5 Qxe5 20. Bd4 Qd6 21. Qg5
Nf6 22. Be5 Qb6 23. Nf4 h6 24. Qg3 Rf7 25. Re2 Nf5 26. Bxf5 exf5 27. Qg6 Rxe5
28. Rxe5 Qd4 29. Rxf5 Bxf5 30. Qxf5 Ne8 31. Qe6 Qxf4 32. Qxe8+ Kh7 33. Qe3 Qxe3
34. fxe3 Kg6 35. Rd1 Rf5 36. Rd4 Re5 37. Kf2 h5 38. Ra4 a6 39. Rb4 b5 40. Kf3
Rf5+ 41. Ke2 Kf7 42. g4 hxg4 43. hxg4 Re5 44. Kd3 Kf6 45. Rf4+ Ke6 46. a4 Kd6
47. a5 Rg5 48. Ke2 Rg6 49. Kf3 Ke6 50. Kg3 Kd6 51. b4 Re6 52. Kf3 Rg6 53. Ke2
Rg5 54. Kd3 Re5 55. Rf7 Rg5 56. Rf4 Re5 57. Kd4 Rg5 58. e4 dxe4 59. Kxe4 Re5+
60. Kf3 Kd5 61. Rf7 Kc4 62. Kf4 Re1 63. Ra7 Kxb4 64. Rxa6 Ra1 65. Ra7 Rxa5 66.
Rxg7 Kc3 67. g5 b4 68. Rc7+ Kd2 69. Rb7 Kc3 70. g6 b3 71. g7 Ra8 72. Kf5 b2 73.
Kf6 Kc2 74. Kf7 b1=Q 75. Rxb1 Kxb1 76. g8=R 1/2-1/2

[Event "Lichtenrader Herbst 2016"]
[Site "Berlin-Lichtenrade"]
[Date "2016.10.25"]
[Round "4.7"]
[White "Hartmann, Jakob"]
[Black "Inkiov, Ventzislav"]
[Result "0-1"]
[WhiteElo "2037"]
[BlackElo "2436"]
[PlyCount "134"]
[EventDate "2016.??.??"]
[WhiteTeam "SV Königsjäger Süd-West e.V."]

1. e4 e5 2. Nf3 Nc6 3. Bc4 Nf6 4. d4 exd4 5. e5 Ng4 6. O-O d6 7. exd6 Bxd6 8.
Re1+ Be7 9. Bg5 O-O 10. Bxe7 Nxe7 11. Qxd4 Qxd4 12. Nxd4 Ng6 13. Nf3 Bf5 14. h3
Nf6 15. Nd4 Bd7 16. a4 Rad8 17. c3 c5 18. Nf3 Rfe8 19. Rxe8+ Bxe8 20. Nbd2 Nf4
21. Nf1 Kf8 22. Ne3 Ne4 23. Bb5 Nd3 24. Nd1 f6 25. Bxe8 Rxe8 26. b3 Nf4 27. Ra2
Rd8 28. Ne3 Rd3 29. Rc2 Rxc3 30. Rxc3 Nxc3 31. Nc4 b5 32. axb5 Nxb5 33. h4 Ke7
34. g3 Ne2+ 35. Kf1 Ned4 36. Nfd2 Ke6 37. f3 Nd6 38. Ne3 Kd7 39. Nd5 Kc6 40.
Nf4 Kb5 41. Nd5 c4 42. bxc4+ Nxc4 43. Nc3+ Kb4 44. Na2+ Kc5 45. Ne4+ Kc6 46.
Kf2 a5 47. Nac3 f5 48. Ng5 h6 49. Nh3 Kc5 50. Nf4 Kb4 51. Nfd5+ Kb3 52. g4 f4
53. Ne4 Ne6 54. g5 a4 55. Nxf4 Nxf4 56. Nc5+ Kb4 57. Nxa4 hxg5 58. Kg3 Kxa4 59.
hxg5 Nh5+ 60. Kg4 g6 61. f4 Nd6 62. f5 Nxf5 63. Kf3 Kb4 64. Ke4 Kc4 65. Ke5 Kd3
66. Ke6 Ke4 67. Kf7 Nh4 0-1

[Event "Lichtenrader Herbst 2016"]
[Site "Berlin-Lichtenrade"]
[Date "2016.10.25"]
[Round "4.8"]
[White "Federau, Juergen"]
[Black "Meister, Jakob"]
[Result "0-1"]
[WhiteElo "2118"]
[BlackElo "2444"]
[PlyCount "67"]
[EventDate "2016.??.??"]
[WhiteTeam "SC Kreuzberg"]
[BlackTeam "SK Zehlendorf"]

1. d4 e6 2. c4 Bb4+ 3. Bd2 Bxd2+ 4. Qxd2 Nf6 5. Nc3 d5 6. e3 O-O 7. Nf3 Qe7 8.
Rc1 Rd8 9. cxd5 exd5 10. Bd3 Nc6 11. a3 Bg4 12. O-O Bxf3 13. gxf3 Nh5 14. Kh1
Qf6 15. f4 Ne7 16. Ne2 c6 17. Rg1 g6 18. Ng3 Ng7 19. b4 Kh8 20. Rc3 Ne6 21. Qc2
Rg8 22. b5 cxb5 23. Bxb5 h5 24. Bd7 h4 25. Ne2 Nf5 26. Bxe6 Qxe6 27. Rc7 Rac8
28. Rxc8 Rxc8 29. Qd3 Nd6 30. Rc1 Ne4 31. Rf1 Qf5 32. Qd1 Kg7 33. Ng1 Rc2 34.
Ne2 {Zü.} 0-1

[Event "Lichtenrader Herbst 2016"]
[Site "Berlin-Lichtenrade"]
[Date "2016.10.25"]
[Round "4.9"]
[White "Bekasovs, Rihards"]
[Black "Ilic, Zoran S"]
[Result "1/2-1/2"]
[WhiteElo "2003"]
[BlackElo "2283"]
[PlyCount "123"]
[EventDate "2016.??.??"]
[WhiteTeam "Riga Chess School"]
[BlackTeam "ohne Verein"]

1. c4 c5 2. Nc3 g6 3. g3 Bg7 4. Bg2 Nc6 5. d3 b6 6. e3 Bb7 7. Nge2 Nf6 8. O-O
O-O 9. a3 d6 10. Rb1 Qd7 11. e4 Ne8 12. Be3 Nc7 13. b4 Ne6 14. f4 Ned4 15. Qd2
e6 16. Bf2 Rae8 17. Nxd4 Nxd4 18. Ne2 f5 19. Nxd4 cxd4 20. Rbe1 e5 21. Re2 Rf7
22. Bh3 Qc7 23. exf5 Qc6 24. Re4 gxf5 25. b5 Qc7 26. Ree1 Rd8 27. Qd1 exf4 28.
gxf4 d5 29. cxd5 Bxd5 30. Bg3 Qc3 31. Bg2 Bxg2 32. Kxg2 Qxa3 33. Qb1 Qc5 34.
Rc1 Qd5+ 35. Kg1 Re7 36. Rf2 Re3 37. Rg2 Rde8 38. Bh4 R3e6 39. Qa2 Qxa2 40.
Rxa2 Rg6+ 41. Bg3 h5 42. Kf1 Re7 43. Rc8+ Kf7 44. Ra8 Ke6 45. Re2+ Kd6 46. Rxe7
Kxe7 47. Rxa7+ Kd6 48. Bh4 Bf6 49. Bxf6 Rxf6 50. Rh7 Kc5 51. Rxh5 Kxb5 52. Ke2
Kb4 53. Kd2 Kb3 54. h4 b5 55. Rg5 b4 56. h5 Ra6 57. Rxf5 Ra2+ 58. Kc1 Ra1+ 59.
Kd2 Ra2+ 60. Kc1 Ra1+ 61. Kd2 Ra2+ 62. Kc1 1/2-1/2

[Event "Lichtenrader Herbst 2016"]
[Site "Berlin-Lichtenrade"]
[Date "2016.10.25"]
[Round "4.10"]
[White "Roesemann, Rainer"]
[Black "Welz, Peter"]
[Result "1-0"]
[WhiteElo "2282"]
[BlackElo "2085"]
[PlyCount "97"]
[EventDate "2016.??.??"]
[WhiteTeam "SV Bannewitz"]
[BlackTeam "SV Empor Berlin e.V."]

1. c4 f5 2. g3 Nf6 3. Bg2 g6 4. Nc3 Bg7 5. d3 d6 6. e4 fxe4 7. dxe4 e5 8. Nge2
O-O 9. O-O Be6 10. Nd5 c5 11. Bg5 Nc6 12. Rb1 Qd7 13. Qd2 Rf7 14. a3 Raf8 15.
f3 Nd4 16. Nxd4 exd4 17. b4 b6 18. Rbc1 Bh3 19. Bxf6 Bxf6 20. Bxh3 Qxh3 21. f4
Bg7 22. Qg2 Qd7 23. h4 Qg4 24. Kh2 h6 25. Qf3 Qe6 26. b5 g5 27. f5 Qe5 28. hxg5
hxg5 29. Kg2 Bf6 30. Rh1 Rg7 31. g4 Rff7 32. Rh6 Rh7 33. Rch1 Rxh6 34. Rxh6 Kf8
35. Qd3 Ke8 36. Kf3 Kd8 37. a4 Rf8 38. a5 Rh8 39. Rxh8+ Bxh8 40. axb6 axb6 41.
Qa3 d3 42. Qa8+ Kd7 43. Nxb6+ Ke7 44. Nd5+ Kf7 45. Qb7+ Kf8 46. Qc8+ Kg7 47.
f6+ Kf7 48. Qxh8 d2 49. Qg7+ 1-0

[Event "Lichtenrader Herbst 2016"]
[Site "Berlin-Lichtenrade"]
[Date "2016.10.25"]
[Round "4.11"]
[White "Giemsa, Stephan"]
[Black "Llopis de Aysa, Manuel"]
[Result "0-1"]
[WhiteElo "2270"]
[BlackElo "2023"]
[PlyCount "104"]
[EventDate "2016.??.??"]
[WhiteTeam "SK König Tegel 1949 e.V."]
[BlackTeam "La Tour Aycelin"]

1. d4 g6 2. c4 Bg7 3. e4 d6 4. Nc3 e5 5. Nge2 Nd7 6. Be3 Ne7 7. Qd2 O-O 8.
O-O-O f5 9. exf5 Nxf5 10. Bg5 Qxg5 11. Qxg5 Bh6 12. Qxh6 Nxh6 13. Nb5 Ng4 14.
Nxc7 Rb8 15. Rg1 Nxf2 16. Rd2 Ng4 17. Nc3 exd4 18. Rxd4 Ne3 19. Be2 Ne5 20. c5
d5 21. N7xd5 Nc6 22. Re4 Nxd5 23. Nxd5 Bf5 24. Ne7+ Kg7 25. Nxf5+ Rxf5 26. b4
a5 27. a3 axb4 28. axb4 Ra8 29. Kb2 Rf2 30. Kc3 Ra2 31. Re1 Rxg2 32. b5 Na5 33.
h4 Rg3+ 34. Kd4 Nb3+ 35. Ke5 Nxc5 36. Rc4 b6 37. Bf1 Rd2 38. Rd4 Rxd4 39. Kxd4
Rg4+ 40. Kd5 Rxh4 41. Kc6 Na4 42. Re3 h5 43. Be2 Rd4 44. Bf3 Kf6 45. Bd5 g5 46.
Kd6 g4 47. Re6+ Kf5 48. Re5+ Kf4 49. Ke6 Nc5+ 50. Kd6 h4 51. Rh5 h3 52. Kc6 Na4
0-1

[Event "Lichtenrader Herbst 2016"]
[Site "Berlin-Lichtenrade"]
[Date "2016.10.25"]
[Round "4.12"]
[White "Holinka, Henning"]
[Black "Noetzel, Felix"]
[Result "1-0"]
[WhiteElo "2018"]
[BlackElo "2209"]
[PlyCount "67"]
[EventDate "2016.??.??"]
[WhiteTeam "Hamburger SK von 1830 eV"]
[BlackTeam "SF 1903 Berlin"]

1. e4 d5 2. exd5 Qxd5 3. Nf3 Nf6 4. Be2 Bg4 5. d4 e6 6. c4 Qd8 7. O-O Be7 8.
Nc3 O-O 9. Be3 c6 10. a3 Nbd7 11. b4 Re8 12. h3 Bh5 13. Qb3 Qc7 14. Rfd1 e5 15.
d5 e4 16. Nd4 Bxe2 17. Ncxe2 cxd5 18. cxd5 a6 19. Bf4 Bd6 20. Rac1 Qb8 21. Nc6
bxc6 22. Bxd6 Qxd6 23. dxc6 Qe7 24. cxd7 Red8 25. Rc7 h5 26. Qa4 e3 27. f3 Qe5
28. Qc6 Kh7 29. Rd4 g6 30. Rc8 Rb8 31. Rxb8 Rxb8 32. d8=Q Rxd8 33. Rxd8 Qa1+
34. Qc1 1-0

[Event "Lichtenrader Herbst 2016"]
[Site "Berlin-Lichtenrade"]
[Date "2016.10.25"]
[Round "4.13"]
[White "Greiser, Christian"]
[Black "Heinig, Wolfram"]
[Result "0-1"]
[WhiteElo "2033"]
[BlackElo "2277"]
[PlyCount "70"]
[EventDate "2016.??.??"]
[WhiteTeam "SC Weisse Dame (Berlin)"]
[BlackTeam "SK Zehlendorf e.V."]

1. c4 c5 2. Nc3 g6 3. g3 Bg7 4. Bg2 Nc6 5. d3 e6 6. Rb1 Nge7 7. e4 O-O 8. Nge2
d6 9. O-O a6 10. Be3 Nd4 11. Qd2 Nec6 12. Kh1 Rb8 13. Bxd4 Nxd4 14. Nxd4 Bxd4
15. Ne2 Bg7 16. f4 f5 17. d4 cxd4 18. Nxd4 e5 19. Ne2 Qe7 20. b3 Kh8 21. Rbd1
fxe4 22. Qxd6 Qxd6 23. Rxd6 Bg4 24. Ng1 exf4 25. Bxe4 fxg3 26. Rxf8+ Bxf8 27.
Rb6 Bc5 28. Rxb7 Re8 29. Bg2 Re1 30. hxg3 Bxg1 31. Bd5 Bc5+ 32. Kg2 Re2+ 33.
Kf1 Rxa2 34. b4 Bf2 35. c5 Bh3+ 0-1

[Event "Lichtenrader Herbst 2016"]
[Site "Berlin-Lichtenrade"]
[Date "2016.10.25"]
[Round "4.14"]
[White "Kasparov, Sergey"]
[Black "Shapiro, Yosip"]
[Result "1-0"]
[WhiteElo "2470"]
[BlackElo "2080"]
[PlyCount "89"]
[EventDate "2016.??.??"]
[BlackTeam "SV Berolina Mitte"]

1. e4 c6 2. d4 d5 3. Nc3 dxe4 4. Nxe4 Bf5 5. Ng3 Bg6 6. Nh3 Nf6 7. Nf4 e5 8.
Nxg6 hxg6 9. dxe5 Qa5+ 10. c3 Qxe5+ 11. Qe2 Nbd7 12. Bf4 Qxe2+ 13. Bxe2 Nd5 14.
Bd2 O-O-O 15. O-O Bd6 16. Rfd1 Rde8 17. Bc4 N7f6 18. Bg5 Ne4 19. Bxd5 Bxg3 20.
fxg3 Nxg5 21. Bc4 Re4 22. Bd3 Re3 23. Kf2 Re7 24. h4 Ne4+ 25. Bxe4 Rxe4 26. Re1
Rhe8 27. Rxe4 Rxe4 28. Kf3 Re5 29. g4 a5 30. Rd1 a4 31. b3 Kc7 32. Rd4 axb3 33.
axb3 b5 34. g5 c5 35. Re4 Rd5 36. Re7+ Kd6 37. Rxf7 Rd3+ 38. Ke4 Rxc3 39. Rxg7
Rxb3 40. Rxg6+ Ke7 41. h5 Rg3 42. h6 Rg4+ 43. Kf5 Rh4 44. Rb6 b4 45. h7 1-0

[Event "Lichtenrader Herbst 2016"]
[Site "Berlin-Lichtenrade"]
[Date "2016.10.25"]
[Round "4.15"]
[White "Arndt, Uwe"]
[Black "Schnabel, Ralf"]
[Result "0-1"]
[WhiteElo "1995"]
[BlackElo "2234"]
[PlyCount "72"]
[EventDate "2016.??.??"]
[WhiteTeam "BSV 63 Chemie Weißensee"]
[BlackTeam "ESV Nickelhütte Aue"]

1. d4 f5 2. g3 Nf6 3. Bg2 g6 4. Nf3 Bg7 5. O-O O-O 6. b3 d6 7. Bb2 c6 8. c4 e5
9. dxe5 Ng4 10. Nbd2 Nxe5 11. Qc2 Na6 12. a3 Qe7 13. e3 Bd7 14. Rad1 Nc7 15. b4
a5 16. Nb3 axb4 17. axb4 Ra2 18. Rb1 Na6 19. Nc1 Nxb4 20. Qb3 Rxb2 21. Rxb2
Nxf3+ 22. Bxf3 Bxb2 23. Qxb2 c5 24. Rd1 Be6 25. Qb3 b5 26. Bd5 Bxd5 27. cxd5
Qe4 28. Ne2 Qc2 29. Qxc2 Nxc2 30. Nf4 Ra8 31. Kg2 Kf7 32. Kf3 b4 33. Rd2 b3 34.
Ne2 Ne1+ 35. Kf4 Ra4+ 36. Kg5 Nf3+ 0-1